[Event "20th EUR-ch"]
[Site "Skopje MKD"]
[Date "2019.03.29"]
[Round "11"]
[White "Mihajlov, Sebastian"]
[Black "Sahin, Ozgun"]
[Result "1-0"]
[WhiteElo "2356"]
[BlackElo "2221"]
[EventDate "2019.03.18"]
[Board "132"]
[PlyCount "93"]

1.d4 g6 2.e4 Bg7 3.Nc3 d6 4.f4 Nd7 5.Nf3 e6 6.e5 d5 7.Bd3 Nh6 8.h3 Nf5 9.
g4 Nh4 10.Kf2 a6 11.Be3 c5 12.Kg3 Nxf3 13.Qxf3 cxd4 14.Bxd4 f6 15.exf6 
Bxf6 16.Qe3 Bxd4 17.Qxd4 Qf6 18.Qxf6 Nxf6 19.Rae1 Kf7 20.Ne2 Bd7 21.Nd4 
Rae8 22.Re2 h5 23.Rhh2 hxg4 24.hxg4 Rxh2 25.Rxh2 e5 26.fxe5 Rxe5 27.Nf3 
Re7 28.Rh6 Ne4+ 29.Bxe4 dxe4 30.Rh7+ Kf8 31.Rxe7 Kxe7 32.Ne5 Be6 33.Kf4 
Bxa2 34.Nxg6+ Kf6 35.Nh4 Bb1 36.c3 b5 37.Nf5 Bc2 38.g5+ Kg6 39.Ne3 Bd3 40.
b4 Bb1 41.Nd5 Bc2 42.Nc7 e3 43.Kxe3 Kxg5 44.Nxa6 Bf5 45.Kd4 Kf6 46.Kc5 Ke7
47.Nc7 1-0

[Event "20th EUR-ch"]
[Site "Skopje MKD"]
[Date "2019.03.29"]
[Round "11"]
[White "Borsuk, Konstantin"]
[Black "Uzumcu, Ahmet Utku"]
[Result "1-0"]
[WhiteElo "2346"]
[BlackElo "2211"]
[EventDate "2019.03.18"]
[Board "134"]
[PlyCount "101"]

1.Nf3 Nf6 2.c4 g6 3.g3 Bg7 4.Bg2 d5 5.cxd5 Nxd5 6.O-O Nb6 7.Nc3 Nc6 8.d3 
O-O 9.Be3 e5 10.Rc1 Nd4 11.Ng5 c6 12.b4 Qe7 13.Rb1 f5 14.Bd2 Rd8 15.f3 h6 
16.Nh3 Nd5 17.Nxd5 cxd5 18.e3 Ne6 19.Qb3 b6 20.f4 e4 21.Rfc1 Bb7 22.Nf2 
Rac8 23.Rxc8 Rxc8 24.Rc1 Rxc1+ 25.Bxc1 Qd7 26.dxe4 dxe4 27.Bf1 Bd5 28.Qc2 
Kh7 29.Bb2 Bxb2 30.Qxb2 Qa4 31.a3 Qb3 32.Qc1 Ng7 33.Nd1 Ne8 34.Be2 Bf7 35.
Kf2 Kg7 36.Ke1 Nd6 37.Qb2+ Qxb2 38.Nxb2 Kf6 39.Kd2 Bd5 40.Kc3 Ke6 41.a4 
Nf7 42.a5 bxa5 43.bxa5 Kd6 44.Kb4 Bc6 45.Nc4+ Kc7 46.h4 h5 47.Ne5 Nxe5 48.
fxe5 Kd7 49.Bc4 Ke7 50.Kc5 Bb7 51.Bd5 1-0

[Event "20th EUR-ch"]
[Site "Skopje MKD"]
[Date "2019.03.29"]
[Round "11"]
[White "Oboladze, Luka"]
[Black "Ongut, Tamas Gunes"]
[Result "1-0"]
[WhiteElo "2340"]
[BlackElo "2197"]
[EventDate "2019.03.18"]
[Board "135"]
[PlyCount "37"]

1.c4 e6 2.Nf3 d5 3.d4 Nf6 4.g3 Be7 5.Bg2 O-O 6.O-O Nbd7 7.Qc2 c6 8.Rd1 b6 
9.Ne5 Bb7 10.Nc3 Nxe5 11.dxe5 Nd7 12.cxd5 cxd5 13.e4 d4 14.Rxd4 Bc5 15.Rd1
Qe7 16.Na4 Rfc8 17.Nxc5 Nf8 18.Be3 bxc5 19.f4 1-0

[Event "20th EUR-ch"]
[Site "Skopje MKD"]
[Date "2019.03.29"]
[Round "11"]
[White "Caglar, Sila"]
[Black "Klabis, Rokas"]
[Result "0-1"]
[WhiteElo "2094"]
[BlackElo "2333"]
[EventDate "2019.03.18"]
[Board "136"]
[PlyCount "81"]

1.e4 c5 2.Nf3 Nc6 3.d4 cxd4 4.Nxd4 g6 5.c4 Bg7 6.Be3 Nf6 7.Nc3 d6 8.Be2 
O-O 9.f3 Bd7 10.Qd2 a5 11.b3 Nxd4 12.Bxd4 Bc6 13.O-O Nd7 14.Be3 Nc5 15.
Rab1 Be5 16.Rfc1 e6 17.Bf1 Qe7 18.Rc2 f5 19.exf5 Rxf5 20.Ne2 Raf8 21.f4 
Bg7 22.Ng3 R5f7 23.Re1 e5 24.fxe5 Bxe5 25.Bh6 Re8 26.Rcc1 b6 27.Re2 Ne6 
28.Be3 Qh4 29.Rce1 Ref8 30.Rf2 Rxf2 31.Bxf2 Qf6 32.Bxb6 Bc3 33.Qe3 Bxe1 
34.Qxe1 a4 35.b4 h5 36.b5 Bb7 37.Nh1 Nc5 38.Nf2 Qd4 39.Qe2 Be4 40.h3 Bf5 
41.Ba7 0-1

[Event "20th EUR-ch"]
[Site "Skopje MKD"]
[Date "2019.03.29"]
[Round "11"]
[White "Lazov, Toni"]
[Black "Karaoglan, Doruk"]
[Result "0-1"]
[WhiteElo "2332"]
[BlackElo "2197"]
[EventDate "2019.03.18"]
[Board "137"]
[PlyCount "62"]

1.e4 c5 2.c3 Nf6 3.e5 Nd5 4.d4 cxd4 5.Nf3 e6 6.cxd4 b6 7.Nc3 Nxc3 8.bxc3 
Qc7 9.Bd2 Bb7 10.Bd3 d6 11.O-O Nd7 12.Re1 dxe5 13.Nxe5 Nxe5 14.Rxe5 Bd6 
15.Rh5 g6 16.Rh4 O-O-O 17.a4 h5 18.a5 g5 19.axb6 axb6 20.Re4 Bxh2+ 21.Kh1 
h4 22.Ra7 h3 23.Rxb7 hxg2+ 24.Kxg2 Qxb7 25.Qa4 Kb8 26.f3 Bc7 27.Be1 Rh2+ 
28.Kf1 g4 29.Ba6 Qd5 30.Bb5 Qf5 31.Re3 gxf3 0-1

[Event "20th EUR-ch"]
[Site "Skopje MKD"]
[Date "2019.03.29"]
[Round "11"]
[White "Janjic, Stefan"]
[Black "Pastar, Slaven"]
[Result "0-1"]
[WhiteElo "2086"]
[BlackElo "2324"]
[EventDate "2019.03.18"]
[Board "138"]
[PlyCount "48"]

1.d4 b6 2.Nf3 Bb7 3.g3 e6 4.Bg2 f5 5.O-O Nf6 6.c4 Be7 7.Nc3 O-O 8.d5 Qc8 
9.a3 a5 10.Nd4 Na6 11.Rb1 g6 12.Bh6 Rd8 13.Nf3 Nc5 14.Qd4 a4 15.Rfe1 d6 
16.dxe6 Nxe6 17.Qd2 Ne4 18.Nxe4 Bxe4 19.Ng5 Nxg5 20.Bxg5 Bxg5 21.Qxg5 Re8 
22.Rbd1 Qd8 23.Qxd8 Raxd8 24.e3 Bc2 0-1

[Event "20th EUR-ch"]
[Site "Skopje MKD"]
[Date "2019.03.29"]
[Round "11"]
[White "Rabatin, Jakub"]
[Black "Smirnova, Ekaterina"]
[Result "0-1"]
[WhiteElo "2313"]
[BlackElo "2178"]
[EventDate "2019.03.18"]
[Board "139"]
[PlyCount "81"]

1.e4 e6 2.d4 d5 3.Nd2 dxe4 4.Nxe4 Bd7 5.Nf3 Bc6 6.Bd3 Nd7 7.O-O Ngf6 8.Ng3
g6 9.c4 Bg7 10.b4 Bxf3 11.Qxf3 c6 12.Rb1 O-O 13.Be3 Re8 14.Rfd1 a6 15.a4 
Qc8 16.Rb3 a5 17.b5 c5 18.dxc5 Nxc5 19.Bxc5 Qxc5 20.Qxb7 Ng4 21.Rf1 f5 22.
Qf3 Bd4 23.b6 Rab8 24.Rb5 Qd6 25.Be2 Bxb6 26.Qb3 Nf6 27.Rd1 Qc7 28.Bf3 Bc5
29.Qc3 Rxb5 30.axb5 e5 31.Bc6 Rb8 32.h3 a4 33.Ne2 a3 34.Nc1 Rd8 35.Rf1 Qd6
36.Nb3 Bb4 37.Qa1 Qd3 38.Nc1 Qxc4 39.Na2 Bd6 40.Rc1 Qf4 41.Qb1 0-1

[Event "20th EUR-ch"]
[Site "Skopje MKD"]
[Date "2019.03.29"]
[Round "11"]
[White "Veleski, Robert"]
[Black "Yordanov, Lachezar"]
[Result "1-0"]
[WhiteElo "2177"]
[BlackElo "2308"]
[EventDate "2019.03.18"]
[Board "140"]
[PlyCount "33"]

1.g3 d5 2.Bg2 Nf6 3.d3 c5 4.Nd2 Nc6 5.Ngf3 e6 6.O-O Be7 7.e4 b6 8.Re1 Bb7 
9.e5 Nd7 10.Nf1 Qc7 11.Bf4 g5 12.Nxg5 Ncxe5 13.Nxf7 Kxf7 14.Qh5+ Kf8 15.
Rxe5 Bf6 16.Rxe6 Qd8 17.Rae1 1-0

[Event "20th EUR-ch"]
[Site "Skopje MKD"]
[Date "2019.03.29"]
[Round "11"]
[White "Chittka, Julius"]
[Black "Chigaeva, Anastasia"]
[Result "1/2-1/2"]
[WhiteElo "2288"]
[BlackElo "2167"]
[EventDate "2019.03.18"]
[Board "141"]
[PlyCount "51"]

1.d4 d5 2.c4 c6 3.cxd5 cxd5 4.Bf4 Nc6 5.e3 Nf6 6.Nc3 Bf5 7.Qb3 Na5 8.Qa4+ 
Bd7 9.Qc2 e6 10.Bd3 Be7 11.Nf3 O-O 12.Ne5 Nc6 13.a3 Rc8 14.O-O h6 15.Qe2 
a6 16.Rac1 b5 17.Nxd7 Qxd7 18.a4 b4 19.Nb1 Ne8 20.b3 a5 21.Bb5 Qa7 22.Nd2 
Qb6 23.Qd3 Bd6 24.Bxd6 Nxd6 25.Rc2 Rc7 26.Rfc1 1/2-1/2

[Event "20th EUR-ch"]
[Site "Skopje MKD"]
[Date "2019.03.29"]
[Round "11"]
[White "Sokolovsky, Yahli"]
[Black "Mihov, Filip"]
[Result "0-1"]
[WhiteElo "2278"]
[BlackElo "2152"]
[EventDate "2019.03.18"]
[Board "142"]
[PlyCount "65"]

1.e4 e6 2.d4 d5 3.e5 c5 4.c3 Qb6 5.Nf3 Nc6 6.Na3 cxd4 7.cxd4 Bb4+ 8.Bd2 
Bd7 9.Bc3 Nge7 10.Qd2 O-O 11.Bd3 f6 12.exf6 Rxf6 13.Nc2 a5 14.O-O Raf8 15.
Ne3 Ng6 16.Ne5 Ngxe5 17.dxe5 Bxc3 18.Qxc3 Rf4 19.Rae1 Nb4 20.Be2 d4 21.Nc4
Qc5 22.Qg3 d3 23.Bxd3 Nxd3 24.Qxd3 Rxf2 25.Ne3 Rxf1+ 26.Rxf1 Rxf1+ 27.Qxf1
Qxe3+ 28.Kh1 Qxe5 29.h3 Bc6 30.Qd3 Qd5 31.Qg3 Qxg2+ 32.Qxg2 Bxg2+ 33.Kxg2 
0-1

[Event "20th EUR-ch"]
[Site "Skopje MKD"]
[Date "2019.03.29"]
[Round "11"]
[White "Unuk, Laura"]
[Black "Efremov, Vladislav"]
[Result "1-0"]
[WhiteElo "2266"]
[BlackElo "2115"]
[EventDate "2019.03.18"]
[Board "143"]
[PlyCount "119"]

1.d4 Nf6 2.c4 e6 3.g3 d5 4.Bg2 dxc4 5.Nf3 Nc6 6.Qa4 Nd7 7.Qxc4 Nb6 8.Qb5 
a6 9.Qd3 e5 10.Nxe5 Nb4 11.Qd1 Qxd4 12.Qxd4 Nc2+ 13.Kd1 Nxd4 14.Be3 Ne6 
15.Nd2 Bc5 16.Bxc5 Nxc5 17.Rc1 Ne6 18.e3 f6 19.Nd3 Ke7 20.Ke2 c6 21.h4 Rd8
22.h5 Bd7 23.Nb3 a5 24.a3 Be8 25.f4 h6 26.g4 Bf7 27.Nd2 Rd7 28.Be4 Rad8 
29.Nf3 Rc7 30.Bf5 Nc8 31.Nf2 Nd6 32.Bb1 c5 33.f5 Nf8 34.e4 Nd7 35.Rhd1 Nc4
36.Nd3 Nce5 37.Nd4 Nxd3 38.Bxd3 Ne5 39.Nf3 Nxf3 40.Kxf3 Rcd7 41.Be2 Rxd1 
42.Bxd1 c4 43.Be2 Rd2 44.Bxc4 Bxc4 45.Rxc4 Rxb2 46.Rc7+ Kf8 47.e5 fxe5 48.
Ke4 Rb5 49.g5 Rb6 50.g6 Rb1 51.Rc8+ Ke7 52.Rg8 Re1+ 53.Kd5 Rd1+ 54.Kxe5 
Re1+ 55.Kd4 Kf6 56.Rf8+ Kg5 57.f6 Rd1+ 58.Kc3 Rd7 59.f7 Kxh5 60.Re8 1-0

[Event "20th EUR-ch"]
[Site "Skopje MKD"]
[Date "2019.03.29"]
[Round "11"]
[White "Ozenir, Ekin Baris"]
[Black "Risteski, Emil"]
[Result "1-0"]
[WhiteElo "2265"]
[BlackElo "2132"]
[EventDate "2019.03.18"]
[Board "144"]
[PlyCount "59"]

1.d4 d5 2.c4 e6 3.Nc3 Be7 4.Nf3 Nf6 5.cxd5 exd5 6.Bf4 O-O 7.Qc2 c6 8.h3 
Nbd7 9.e3 a6 10.Bd3 Re8 11.O-O-O Nf8 12.Ne5 Be6 13.g4 c5 14.Kb1 cxd4 15.
exd4 Rc8 16.Qb3 b5 17.Bh2 N6d7 18.Nxd7 Qxd7 19.a4 b4 20.Ne2 Qb7 21.f4 f6 
22.f5 Bf7 23.Bf4 Nd7 24.Rdg1 Nb8 25.g5 Bh5 26.Be4 Bf7 27.g6 hxg6 28.fxg6 
Be6 29.Bxb8 Rxb8 30.Nf4 1-0

[Event "20th EUR-ch"]
[Site "Skopje MKD"]
[Date "2019.03.29"]
[Round "11"]
[White "Lahav, Michal"]
[Black "Krykun, Yuriy"]
[Result "0-1"]
[WhiteElo "2158"]
[BlackElo "2342"]
[EventDate "2019.03.18"]
[Board "145"]
[PlyCount "176"]

1.e4 e5 2.Nf3 Nc6 3.Bb5 a6 4.Ba4 Nf6 5.O-O Be7 6.Re1 b5 7.Bb3 d6 8.c3 O-O 
9.h3 Nb8 10.d4 Nbd7 11.Nbd2 Bb7 12.Bc2 Re8 13.a4 Bf8 14.Bd3 c6 15.b4 Nb6 
16.axb5 cxb5 17.Bb2 Na4 18.Rxa4 bxa4 19.Qxa4 exd4 20.Nxd4 Nd7 21.N2b3 Ne5 
22.Bf1 Ng6 23.f3 d5 24.Na5 Qb6 25.Ra1 dxe4 26.Nxb7 Qxb7 27.Bxa6 Qb6 28.
fxe4 Rxe4 29.Qc6 Qxc6 30.Nxc6 Re6 31.b5 Nf4 32.c4 Bc5+ 33.Kh1 Nd3 34.Bc3 
Bb6 35.Kh2 Nc5 36.Nb4 Ne4 37.Nd5 Nxc3 38.Nxc3 Bc7+ 39.Kg1 Bg3 40.Rf1 Rae8 
41.c5 Re3 42.Nb1 Re1 43.Nd2 Rxf1+ 44.Nxf1 Re1 45.b6 Be5 46.Kf2 Rc1 47.Bc8 
Rxc5 48.b7 Rb5 49.Ne3 Kf8 50.Kf3 Bb8 51.Ke4 g6 52.Nd5 Rb2 53.g4 Re2+ 54.
Kd4 Ba7+ 55.Kc4 Rh2 56.Nb4 Bb8 57.Na6 Bf4 58.g5 Rg2 59.Kd5 Rxg5+ 60.Ke4 
Bh2 61.b8=Q Bxb8 62.Nxb8 Rg3 63.Kf4 Rc3 64.Bg4 f5 65.Bf3 g5+ 66.Kg3 h5 67.
Kf2 g4 68.hxg4 hxg4 69.Bg2 Ke7 70.Nc6+ Ke6 71.Nd4+ Ke5 72.Nc6+ Kf4 73.Nd4 
Rd3 74.Ne2+ Ke5 75.Ng3 Rd2+ 76.Kg1 f4 77.Nf1 Rb2 78.Bc6 f3 79.Ne3 Kf4 80.
Nd5+ Kg3 81.Ne3 Rb1+ 82.Nf1+ Kf4 83.Bd7 g3 84.Bh3 Rc1 85.Kh1 Kg5 86.Bg2 
fxg2+ 87.Kxg2 Kf4 88.Nxg3 Rc2+ 0-1

[Event "20th EUR-ch"]
[Site "Skopje MKD"]
[Date "2019.03.29"]
[Round "11"]
[White "Antova, Gabriela"]
[Black "Marinskii, Yurii"]
[Result "1-0"]
[WhiteElo "2286"]
[BlackElo "2156"]
[EventDate "2019.03.18"]
[Board "146"]
[PlyCount "73"]

1.d4 d5 2.c4 c6 3.Nf3 Nf6 4.Nc3 a6 5.c5 Bf5 6.Bf4 Nbd7 7.e3 h6 8.Be2 g5 9.
Bg3 Bg7 10.Ne5 Ne4 11.Nxe4 Bxe4 12.f3 Bf5 13.Nd3 e5 14.Nxe5 Nxe5 15.Bxe5 
Bxe5 16.dxe5 Qa5+ 17.Qd2 Qxc5 18.b4 Qb6 19.Qd4 Qxd4 20.exd4 f6 21.exf6 Kf7
22.Kd2 Kxf6 23.h4 gxh4 24.Rxh4 a5 25.b5 cxb5 26.Bxb5 Kg5 27.g3 Rac8 28.Bd3
Bxd3 29.Kxd3 b5 30.Re1 b4 31.Re5+ Kg6 32.Rg4+ Kf6 33.Rxd5 Rc3+ 34.Ke4 Ra3 
35.Rf5+ Ke7 36.Rg7+ Ke6 37.Rgf7 1-0

[Event "20th EUR-ch"]
[Site "Skopje MKD"]
[Date "2019.03.29"]
[Round "11"]
[White "Stoinev, Metodi"]
[Black "Trisha, Kanyamarala"]
[Result "0-1"]
[WhiteElo "2215"]
[BlackElo "2061"]
[EventDate "2019.03.18"]
[Board "149"]
[PlyCount "81"]

1.e4 c5 2.Nf3 d6 3.d4 cxd4 4.Qxd4 Nc6 5.Qe3 Bg4 6.Be2 Nf6 7.c4 g6 8.O-O 
Bg7 9.Nc3 O-O 10.Rd1 Nd7 11.Rb1 Rc8 12.b3 Nc5 13.h3 Bxf3 14.Bxf3 a6 15.Bb2
Rb8 16.Be2 Re8 17.Nd5 e5 18.Ba3 Nd4 19.Rbc1 h5 20.Bf1 Kh7 21.Rc3 Bh6 22.
Qe1 Kg7 23.Bc1 Bxc1 24.Rdxc1 Nce6 25.b4 Ra8 26.Qe3 Nc6 27.c5 dxc5 28.bxc5 
Ned4 29.Nb6 Rb8 30.Bc4 Qe7 31.Bd5 Nd8 32.Nc4 N8e6 33.Nxe5 Nf4 34.Nxf7 
Nde2+ 35.Kf1 Nxd5 36.Qh6+ Kxf7 37.Qh7+ Kf6 38.Rf3+ Ndf4 39.Qh6 Rh8 40.
Rxf4+ Nxf4 41.Qxf4+ 0-1

[Event "20th EUR-ch"]
[Site "Skopje MKD"]
[Date "2019.03.29"]
[Round "11"]
[White "Van Dael, Siem"]
[Black "Bejatovic, Bojana"]
[Result "1-0"]
[WhiteElo "2207"]
[BlackElo "2058"]
[EventDate "2019.03.18"]
[Board "150"]
[PlyCount "79"]

1.e4 c5 2.Nf3 e6 3.d4 cxd4 4.Nxd4 Nf6 5.Nc3 Nc6 6.Ndb5 Bb4 7.a3 Bxc3+ 8.
Nxc3 d5 9.exd5 exd5 10.Bd3 Bg4 11.f3 Be6 12.O-O h6 13.Re1 O-O 14.Kh1 d4 
15.Ne2 Qa5 16.Bd2 Qb6 17.Nf4 Bd5 18.c4 dxc3 19.Bxc3 Bb3 20.Qd2 Qd8 21.Re2 
Re8 22.Rxe8+ Nxe8 23.Re1 Qg5 24.Qe2 Nd6 25.Nh3 Qd5 26.Nf4 Qc5 27.Bb1 Qb5 
28.Qd2 Re8 29.Rxe8+ Nxe8 30.Qe1 Nd6 31.h4 Qc4 32.Qg3 Nd4 33.Nh5 N4f5 34.
Bxf5 Nxf5 35.Nf6+ Kf8 36.Qb8+ Ke7 37.Qe8+ Kd6 38.Qd7+ Kc5 39.Qc7+ Kb5 40.
Qxb7+ 1-0

[Event "20th EUR-ch"]
[Site "Skopje MKD"]
[Date "2019.03.29"]
[Round "11"]
[White "Ivanova, Karina"]
[Black "Schnabel, Ralf"]
[Result "0-1"]
[WhiteElo "2114"]
[BlackElo "2205"]
[EventDate "2019.03.18"]
[Board "152"]
[PlyCount "84"]

1.Nf3 Nf6 2.g3 g6 3.Bg2 Bg7 4.O-O d5 5.d4 O-O 6.Nbd2 c6 7.c4 a5 8.b3 Qb6 
9.a3 Ne4 10.Bb2 Nxd2 11.Qxd2 Qxb3 12.c5 Nd7 13.Rfb1 Qa4 14.e3 b6 15.cxb6 
Nxb6 16.Bc3 Nc4 17.Qc1 Ba6 18.Bf1 Bb5 19.Bd3 Nd6 20.Bc2 Qc4 21.a4 Qxc3 22.
Rb3 Qc4 23.Nd2 Qe2 24.axb5 cxb5 25.Bd1 Qe1+ 26.Kg2 a4 27.Rc3 Rac8 28.Qb2 
Rxc3 29.Qxc3 Rc8 30.Qb2 a3 31.Qa2 e6 32.Nf3 Qc3 33.Qxa3 Qxa3 34.Rxa3 Nc4 
35.Ra7 Rb8 36.Ng5 Nd6 37.Bg4 h5 38.Bxe6 fxe6 39.Nxe6 Bf8 40.Nf4 Nc8 41.Ra1
Ne7 42.h4 b4 0-1

[Event "20th EUR-ch"]
[Site "Skopje MKD"]
[Date "2019.03.29"]
[Round "11"]
[White "Martinkus, Rolandas"]
[Black "Vetokhin, Savva"]
[Result "1-0"]
[WhiteElo "2185"]
[BlackElo "2022"]
[EventDate "2019.03.18"]
[Board "153"]
[PlyCount "51"]

1.Nf3 Nf6 2.c4 g6 3.Nc3 Bg7 4.e4 d6 5.d4 O-O 6.h3 e5 7.d5 Nh5 8.Nh2 Na6 9.
Ng4 Kh8 10.Ne3 c6 11.g3 Nf6 12.Bg2 Ne8 13.O-O Bd7 14.g4 Qc8 15.Rb1 c5 16.
Bd2 Nac7 17.a3 b5 18.b4 cxb4 19.Rxb4 a5 20.Rb2 bxc4 21.Qe2 Qa6 22.Rfb1 Rc8
23.Nxc4 Qa7 24.Be3 Qa6 25.Rb6 Qa7 26.Rc6 1-0

[Event "20th EUR-ch"]
[Site "Skopje MKD"]
[Date "2019.03.29"]
[Round "11"]
[White "Asllani, Muhamet"]
[Black "Ivic, Mateo"]
[Result "1-0"]
[WhiteElo "2105"]
[BlackElo "2183"]
[EventDate "2019.03.18"]
[Board "154"]
[PlyCount "83"]

1.e4 e5 2.Nf3 Nc6 3.d4 exd4 4.Bc4 Nf6 5.O-O Nxe4 6.Re1 d5 7.Bxd5 Qxd5 8.
Nc3 Qa5 9.Nxe4 Be6 10.Neg5 O-O-O 11.Nxe6 fxe6 12.Rxe6 Bd6 13.Qe2 Kd7 14.
Bd2 Qd5 15.Re1 Rhf8 16.Bg5 Rb8 17.a3 Rf5 18.Bh4 Rbf8 19.Bg3 R5f6 20.Re4 h6
21.Qd3 Bxg3 22.hxg3 Rd6 23.Rd1 Qf7 24.Rde1 Qf6 25.Qb5 Kc8 26.b4 g5 27.Qc5 
a6 28.a4 Qf5 29.Re8+ Rd8 30.Qxf8 Qxf8 31.Rxf8 Rxf8 32.b5 axb5 33.axb5 Nb4 
34.Nxd4 Rd8 35.c3 Na2 36.Ne2 Rd3 37.f4 Nxc3 38.Nxc3 Rxc3 39.f5 Rc5 40.g4 
Rc4 41.g3 Rd4 42.f6 1-0

[Event "20th EUR-ch"]
[Site "Skopje MKD"]
[Date "2019.03.29"]
[Round "11"]
[White "Terziev, Dimo"]
[Black "Hesse, Henrik"]
[Result "1-0"]
[WhiteElo "2041"]
[BlackElo "2165"]
[EventDate "2019.03.18"]
[Board "156"]
[PlyCount "89"]

1.e4 c5 2.Nf3 e6 3.d3 Nc6 4.g3 d5 5.Qe2 Nf6 6.Bg2 dxe4 7.dxe4 e5 8.c3 Be7 
9.O-O O-O 10.Rd1 Qc7 11.Bg5 Be6 12.Nbd2 b5 13.Nf1 c4 14.Bxf6 Bxf6 15.Ne3 
Rad8 16.Nd5 Bxd5 17.exd5 Ne7 18.Ne1 Qc5 19.Qf3 Rd6 20.Nc2 Bg5 21.Qe2 Ng6 
22.h4 Bxh4 23.gxh4 Nxh4 24.Qe3 Qc8 25.Ne1 Rg6 26.f3 f5 27.Rd2 f4 28.Qxe5 
Rf5 29.Qe7 Rfg5 30.d6 Qc5+ 31.Kf1 h6 32.Qe8+ Kh7 33.d7 Nf5 34.Rd4 Ne3+ 35.
Qxe3 fxe3 36.d8=Q Qe5 37.f4 Rf5 38.Qh4 Rgf6 39.Be4 g5 40.Qg4 Kg7 41.Bxf5 
Rxf5 42.Ke2 h5 43.fxe5 hxg4 44.Rxg4 Rxe5 45.Rd1 1-0

[Event "20th EUR-ch"]
[Site "Skopje MKD"]
[Date "2019.03.29"]
[Round "11"]
[White "De Seroux, Camille"]
[Black "Velkovski, Kristijan"]
[Result "1-0"]
[WhiteElo "2160"]
[BlackElo "2003"]
[EventDate "2019.03.18"]
[Board "157"]
[PlyCount "75"]

1.e4 e5 2.Nc3 Nc6 3.g3 Bc5 4.Bg2 Nf6 5.h3 d6 6.Nge2 Bd7 7.Na4 Qe7 8.c3 h6 
9.O-O O-O 10.d4 exd4 11.cxd4 Bb6 12.Nxb6 axb6 13.Nc3 Na7 14.f4 Bc6 15.Re1 
Rfe8 16.Bd2 Nb5 17.Nxb5 Bxb5 18.e5 dxe5 19.fxe5 Nd7 20.a4 Bc4 21.Bxb7 Rad8
22.b3 Be6 23.Bg2 Nf8 24.Bc3 Qg5 25.Kh2 Ng6 26.Qe2 Bxb3 27.Qb5 Be6 28.d5 
Bd7 29.Qb2 h5 30.h4 Nxh4 31.gxh4 Qxh4+ 32.Kg1 Qg5 33.Qd2 Qg6 34.Kh2 h4 35.
Qf4 Qd3 36.Re3 Qc2 37.Qxh4 Bf5 38.Kg1 1-0

[Event "20th EUR-ch"]
[Site "Skopje MKD"]
[Date "2019.03.29"]
[Round "11"]
[White "Sekelja, Marko"]
[Black "Krstev, Emil"]
[Result "0-1"]
[WhiteElo "2120"]
[BlackElo "2050"]
[EventDate "2019.03.18"]
[Board "159"]
[PlyCount "86"]

1.e4 e6 2.d4 d5 3.Nc3 Nf6 4.e5 Ne4 5.Nxe4 dxe4 6.Be3 c5 7.Ne2 Nc6 8.c3 
cxd4 9.cxd4 Bb4+ 10.Nc3 O-O 11.Be2 Qa5 12.Qb3 Rd8 13.Rd1 b6 14.O-O Bxc3 
15.bxc3 Ba6 16.Bxa6 Qxa6 17.Qc2 Rac8 18.Qxe4 Qxa2 19.h4 Qe2 20.g4 h5 21.f3
hxg4 22.fxg4 Nxe5 23.Qxe5 Rxc3 24.Rfe1 Qxg4+ 25.Kf1 Rd5 26.Qb8+ Kh7 27.Qh2
Rf5+ 28.Bf2 Rh3 29.Qg2 Qf4 30.Kg1 Rf3 31.Re2 Rf6 32.Kf1 a5 33.Ke1 a4 34.d5
exd5 35.Rxd5 Qb4+ 36.Red2 Qb1+ 37.Ke2 Rxf2+ 38.Qxf2 Rxf2+ 39.Kxf2 a3 40.
Rh5+ Kg6 41.Rg5+ Kh6 42.Rd8 g6 43.Re5 a2 0-1

[Event "20th EUR-ch"]
[Site "Skopje MKD"]
[Date "2019.03.29"]
[Round "11"]
[White "Tarun, Kanyamarala"]
[Black "Ivankovic, Ivo"]
[Result "1-0"]
[WhiteElo "2027"]
[BlackElo "2109"]
[EventDate "2019.03.18"]
[Board "161"]
[PlyCount "57"]

1.d4 d5 2.c4 c6 3.Nf3 Nf6 4.Nc3 e6 5.e3 Nbd7 6.Qc2 Bd6 7.Bd3 dxc4 8.Bxc4 
O-O 9.O-O Qe7 10.h3 e5 11.Bb3 h6 12.Nh4 Nb6 13.Ng6 Qc7 14.dxe5 Bxe5 15.
Nxf8 Kxf8 16.e4 Qe7 17.Be3 Bxc3 18.Qxc3 Nxe4 19.Qa5 Nd7 20.Qc7 Ndf6 21.
Qxe7+ Kxe7 22.f3 Ng5 23.Bc5+ Kd8 24.Bf8 Ne8 25.Rad1+ Kc7 26.f4 Ne6 27.Be7 
g6 28.f5 gxf5 29.Rxf5 1-0

[Event "20th EUR-ch"]
[Site "Skopje MKD"]
[Date "2019.03.29"]
[Round "11"]
[White "Trajkovski, Mile"]
[Black "Andolfatto, Maria"]
[Result "0-1"]
[WhiteElo "2105"]
[BlackElo "2033"]
[EventDate "2019.03.18"]
[Board "162"]
[PlyCount "34"]

1.e3 d5 2.b3 Nf6 3.Bb2 e6 4.c4 b6 5.Nf3 Bb7 6.Nc3 Be7 7.g4 dxc4 8.Bxc4 
Nbd7 9.Rg1 Nd5 10.g5 Nc5 11.Ne5 Bd6 12.Bb5+ Kf8 13.Nxd5 Bxe5 14.Bxe5 Qxd5 
15.d4 Ne4 16.Bc4 Qa5+ 17.Kf1 Nd2+ 0-1

[Event "20th EUR-ch"]
[Site "Skopje MKD"]
[Date "2019.03.29"]
[Round "11"]
[White "Konstantinov, Aleksandar"]
[Black "Azadaliyev, Jahandar"]
[Result "0-1"]
[WhiteElo "2079"]
[BlackElo "1863"]
[EventDate "2019.03.18"]
[Board "163"]
[PlyCount "62"]

1.d4 f5 2.Nc3 Nf6 3.Bg5 d5 4.e3 g6 5.Nf3 Bg7 6.Bd3 O-O 7.O-O Ne4 8.Bf4 c6 
9.Ne2 e6 10.c4 h6 11.Be5 Nd7 12.Bxg7 Kxg7 13.Nf4 Qe7 14.Bxe4 fxe4 15.Ne5 
Nxe5 16.dxe5 Rf5 17.Qd4 b6 18.f3 c5 19.Qc3 d4 20.Qd2 Rxf4 21.exf4 e3 22.
Qd3 Bb7 23.b4 Rf8 24.bxc5 Qxc5 25.g3 g5 26.Rad1 gxf4 27.g4 Rd8 28.h4 Qxe5 
29.Qa3 Rd7 30.Rd3 Bxf3 31.Qa4 Rf7 0-1

[Event "20th EUR-ch"]
[Site "Skopje MKD"]
[Date "2019.03.29"]
[Round "11"]
[White "Gebigke, Martin"]
[Black "Markovski, Velo"]
[Result "1-0"]
[WhiteElo "2078"]
[BlackElo "1935"]
[EventDate "2019.03.18"]
[Board "164"]
[PlyCount "63"]

1.d4 e6 2.c4 b6 3.e4 Bb7 4.Bd3 Bb4+ 5.Kf1 Be7 6.Nc3 Nc6 7.Nf3 h5 8.h4 Nh6 
9.a3 Ng4 10.b4 e5 11.d5 Nd4 12.Nxd4 exd4 13.Nb5 a6 14.Nxd4 Bxh4 15.Ra2 Bf6
16.Qxg4 Bxd4 17.Rxh5 Rxh5 18.Qxh5 g6 19.Qh6 d6 20.e5 dxe5 21.Bg5 Qd6 22.
Be2 Qf8 23.Qh4 Kd7 24.Qh3+ Kd6 25.f4 Re8 26.fxe5+ Bxe5 27.c5+ bxc5 28.
bxc5+ Kxc5 29.Qd7 Rc8 30.Be7+ Qxe7 31.Qxe7+ Bd6 32.Qe3+ 1-0

[Event "20th EUR-ch"]
[Site "Skopje MKD"]
[Date "2019.03.29"]
[Round "11"]
[White "Filip, Andrei"]
[Black "Dwilewicz, Katarzyna"]
[Result "1/2-1/2"]
[WhiteElo "1894"]
[BlackElo "2040"]
[EventDate "2019.03.18"]
[Board "166"]
[PlyCount "55"]

1.d4 Nf6 2.c4 e6 3.Nf3 d5 4.g3 c6 5.Bg2 Bd6 6.O-O O-O 7.Qc2 Nbd7 8.Nbd2 
Re8 9.e4 dxe4 10.Nxe4 Nxe4 11.Qxe4 Nf6 12.Qc2 h6 13.b3 a5 14.a3 Nd7 15.Rd1
Qe7 16.Bb2 Ra6 17.d5 cxd5 18.cxd5 e5 19.Re1 Qd8 20.Rac1 Ra8 21.Nh4 Nf6 22.
Nf5 Bxf5 23.Qxf5 Qb6 24.Bxe5 Bxe5 25.Rxe5 Qxb3 26.d6 Qxa3 27.Rd1 Qb3 28.
Rde1 1/2-1/2

[Event "20th EUR-ch"]
[Site "Skopje MKD"]
[Date "2019.03.29"]
[Round "11"]
[White "Batkoski, Nenad"]
[Black "Birkholz, Olga"]
[Result "0-1"]
[WhiteElo "1846"]
[BlackElo "2037"]
[EventDate "2019.03.18"]
[Board "167"]
[PlyCount "120"]

1.e4 c5 2.Nf3 a6 3.c3 g6 4.d4 Qc7 5.Be3 Nf6 6.Bd3 c4 7.Bc2 Bg7 8.h3 d6 9.
Qd2 Nbd7 10.a4 b6 11.Bh6 O-O 12.Qe3 Bb7 13.Nbd2 b5 14.a5 e5 15.dxe5 dxe5 
16.Bxg7 Kxg7 17.g4 Rfe8 18.O-O Nc5 19.Nh4 Qc6 20.f3 Ne6 21.Ng2 Qc5 22.Qxc5
Nxc5 23.Rfd1 Red8 24.Nf1 Bc6 25.Nfe3 h6 26.Kf1 Nb7 27.Ke2 Rxd1 28.Bxd1 Nc5
29.Bc2 Rd8 30.Ne1 Kf8 31.Ra3 Ke7 32.Ra1 Nh7 33.h4 Nf8 34.N3g2 Nfe6 35.Ke3 
Rd6 36.Ke2 Rd8 37.Ke3 Rb8 38.Kd2 Nf4 39.Nxf4 exf4 40.Ng2 g5 41.Rh1 Rd8+ 
42.Ke2 Nb7 43.Ra1 Nc5 44.Rh1 Na4 45.Bxa4 bxa4 46.hxg5 hxg5 47.Rh6 f6 48.e5
Rb8 49.Ne1 Rxb2+ 50.Kd1 a3 51.Kc1 Ba4 52.exf6+ Kf7 53.Rh7+ Kxf6 54.Rh6+ 
Ke5 55.Rh7 Kf6 56.Rh6+ Kf7 57.Rh7+ Kf8 58.Rh1 Re2 59.Kb1 Bb3 60.Ka1 Rd2 
0-1

[Event "20th EUR-ch"]
[Site "Skopje MKD"]
[Date "2019.03.29"]
[Round "11"]
[White "Huttl, Sofie"]
[Black "Kocyigit, Buse Naz"]
[Result "0-1"]
[WhiteElo "1741"]
[BlackElo "1973"]
[EventDate "2019.03.18"]
[Board "168"]
[PlyCount "52"]

1.e4 c5 2.Nf3 d6 3.d4 cxd4 4.Nxd4 Nf6 5.Nc3 a6 6.Be2 e5 7.Nf3 Be7 8.Bg5 
Nbd7 9.O-O O-O 10.a4 b6 11.Nd2 Bb7 12.Bc4 Nc5 13.Bxf6 Bxf6 14.Qe2 g6 15.
Bd5 Bxd5 16.Nxd5 Bg7 17.Nc4 Rb8 18.a5 b5 19.Ncb6 f5 20.f3 fxe4 21.fxe4 Qh4
22.Rxf8+ Rxf8 23.Re1 Nxe4 24.g3 Nxg3 25.hxg3 Qxg3+ 26.Kh1 Rf2 0-1

[Event "20th EUR-ch"]
[Site "Skopje MKD"]
[Date "2019.03.29"]
[Round "11"]
[White "Petrovic, Lazar"]
[Black "Miftari, Hedon"]
[Result "0-1"]
[WhiteElo "1690"]
[BlackElo "1527"]
[EventDate "2019.03.18"]
[Board "169"]
[PlyCount "66"]

1.b3 e5 2.Bb2 Nc6 3.g3 d5 4.Bg2 Nf6 5.Nf3 Bd6 6.O-O O-O 7.d4 e4 8.Ne5 Re8 
9.Nxc6 bxc6 10.c4 Ba6 11.cxd5 cxd5 12.Nc3 c6 13.Rc1 e3 14.f3 Nh5 15.f4 Qd7
16.Na4 Qg4 17.Bf3 Qh3 18.Bg2 Qg4 19.Bf3 Qh3 20.Bxh5 Qxh5 21.Rf3 Bb4 22.Bc3
Ba3 23.Bb2 Bb4 24.Kg2 Bc8 25.Bc3 Ba3 26.Bb2 Bxb2 27.Nxb2 Bg4 28.Rxc6 Qh3+ 
29.Kg1 Bxf3 30.exf3 Rac8 31.Rxc8 Qxc8 32.Nd3 Qc3 33.Nc1 Qd2 0-1